000 00380nam a2200145Ia 4500
008 231129s2004||||xx |||||||||||||| ||spa||
020 _a958-04-3623-1
040 _bspa
082 _a(i) 808.068543 K19n
100 _aKasza Keiko
245 0 _aNo te rias Pepe
260 _c2004
264 _aBogotá Colombia: Norma
942 _2ddc
_cBKS
999 _c21729
_d21729